000 00390cam a2200145ua 4500
041 _aeng
_h
082 _a825
_bSCO/PO
100 _aScotland, Andrew .
245 _aPower of Eloquence: A treasury of British Speeches /
_cAndrew Scotland.
_hTextual Documents
260 _aLondon :
_bCassel and Company ,
_c1961.
300 _a256 ; .
504 _a
942 _cBK
999 _c12528
_d12528